000 00306nam a22001217a 4500
008 181024b xxu||||| |||| 00| 0 eng d
041 _aeng
080 _215 ED
_a721.053
100 _a62
101 _aAUD
245 _aAuditing Assurancs Services An Intergrate Approach
_cArens.A.A
942 _2udc
_cBK
999 _c50772
_d50772